00639nam a2200181 4500001000700000003000900007005001700016007000300033008004100036100003200077245007000109260005100179300002500230700002800255852003300283999001900316952012200335148689ES-MaACL20230906202750.0t|070214s1981 xxu r ||||1| eng d1 aStutzman, Warren L.910852510aAntenna theory and design / cWarren L. Stutzman, Gary A. Thiele. aNew York [etc.] : bJohn Wiley & sons, c1981. aX, 598 p. ; c24 cm.1 aThiele, Gary A.9109939 aES-MaACLjL-11634 bR.113508 c148689d148689 00104070aATENEOMbATENEOMcDEPO2d2008-01-17eSCl0oL-11634p1155169r2023-02-23 00:00:00w2023-02-23yMONOGRAFIA